000 00834nam a2200253Ia 4500
003 OSt
005 20220923211039.0
006 a|||||r|||| 00| 0
007 ta
008 220922b |||||||| |||| 00| 0 hin d
020 _a8173120382 (hbk)
_c595
024 _a234,109
037 _b430, 19/03/2008, Swaraj Prakashan
_cTextual
040 _aARTS
_cARTS
_bhin
041 _2hin
_ahin
082 _aY:1.2, 152P5
100 _aविजन, विजय
_9157582
245 0 _aभारतीय संस्कृति
246 _aBhāratīya sanskṛuti
260 _aदिल्ली
_b श्री नटराज प्रकाशन
_c2005
300 _a295पृ.
_ccm.
942 _hY:1.2, 152P5
_cTEXL
_2CC
999 _c294475
_d294475